Gravity and grace / (Record no. 123109)
[ view plain ]
| 000 -LEADER | |
|---|---|
| fixed length control field | 00891cam a2200277 i 4500 |
| 001 - CONTROL NUMBER | |
| control field | 375994 |
| 003 - CONTROL NUMBER IDENTIFIER | |
| control field | ARRUPE |
| 005 - DATE AND TIME OF LATEST TRANSACTION | |
| control field | 20150826112413.0 |
| 008 - FIXED-LENGTH DATA ELEMENTS--GENERAL INFORMATION | |
| fixed length control field | 781128r1979 nyu 000 0 eng |
| 010 ## - LIBRARY OF CONGRESS CONTROL NUMBER | |
| LC control number | 78025668 |
| 020 ## - INTERNATIONAL STANDARD BOOK NUMBER | |
| Terms of availability | $13.00 |
| 040 ## - CATALOGING SOURCE | |
| Original cataloging agency | DLC |
| Transcribing agency | DLC |
| Modifying agency | DLC |
| 041 1# - LANGUAGE CODE | |
| Language code of text/sound track or separate title | engfre |
| 050 10 - LIBRARY OF CONGRESS CALL NUMBER | |
| Classification number | B2430.W473 |
| Item number | P43 |
| 082 00 - DEWEY DECIMAL CLASSIFICATION NUMBER | |
| Classification number | 194 |
| 300 ## - PHYSICAL DESCRIPTION | |
| Dimensions | 22 cm. |
| 100 1# - MAIN ENTRY--PERSONAL NAME | |
| Personal name | Weil, Simone, |
| Dates associated with a name | 1909-1943. |
| 9 (RLIN) | 2765 |
| 240 10 - UNIFORM TITLE | |
| Uniform title | <a href="Pesanteur et la grâce.">Pesanteur et la grâce.</a> |
| Language of a work | English |
| 245 10 - TITLE STATEMENT | |
| Title | Gravity and grace / |
| Statement of responsibility, etc | by Simone Weil ; with an introd. by Gustave Thibon ; translated by Arthur Wills. |
| 260 ## - PUBLICATION, DISTRIBUTION, ETC. (IMPRINT) | |
| Place of publication, distribution, etc | New York : |
| Name of publisher, distributor, etc | Octagon Books, |
| Date of publication, distribution, etc | 1979, c1952. |
| 300 ## - PHYSICAL DESCRIPTION | |
| Extent | vi, 236 p. ; |
| 500 ## - GENERAL NOTE | |
| General note | Translation of Le pesanteur et la grâce. |
| 500 ## - GENERAL NOTE | |
| General note | Reprint of the ed. published by Putnam, New York. |
| 650 #0 - SUBJECT ADDED ENTRY--TOPICAL TERM | |
| Topical term or geographic name as entry element | Philosophy. |
| 9 (RLIN) | 18780 |
| 906 ## - LOCAL DATA ELEMENT F, LDF (RLIN) | |
| a | 7 |
| b | cbc |
| c | orignew |
| d | 1 |
| e | ocip |
| f | 19 |
| g | y-gencatlg |
| 942 ## - ADDED ENTRY ELEMENTS (KOHA) | |
| Source of classification or shelving scheme | Library of Congress Classification |
| Koha item type | Monograph ( Printed materials) |
| Withdrawn status | Lost status | Source of classification or shelving scheme | Damaged status | Not for loan | Home library | Current library | Date acquired | Total Checkouts | Full call number | Barcode | Date last seen | Price effective from | Koha item type |
|---|---|---|---|---|---|---|---|---|---|---|---|---|---|
| Library of Congress Classification | ARRUPE LIBRARY | ARRUPE LIBRARY | 26/08/2015 | B2430.W473 P43 | 46003010674 | 26/08/2015 | 26/08/2015 | Monograph ( Printed materials) |